000 01240cam a2200313 i 4500
001 61539
003 Mx-PuUPA
005 20240307152339.0
008 141010s2009 xxua r 000 0 spa d
020 _a9781933871219
040 _aMx-PuUPA
_bspa
_cMx-PuUPA
_dMx-PuUPA
_erda
041 0 _aspa
245 0 4 _aUna gran señal apareció en el cielo /
_ccoordinadora, María Elena Steta de Martín del Campo ; colaboradores, Aurora Peralta de Lascuráin, Esther Fernández de Herrera [y otros dos]
250 _aVersión corregida y aumentada
264 1 _aNew York :
_bIVE Press, New York,
_c2009
300 _a158 páginas :
_bilustraciones (en blanco y negro) ;
_c22 cm
336 _atexto
_2rdacontent
_btxt
336 _2rdacontent
_aimagen fija
_bsti
337 _asin medio
_2rdamedia
_bn
338 _avolume
_2rdacarrier
_bnc
490 0 _aColección Guadalupana
600 0 4 _aVirgen de Guadalupe
_xApariciones y milagros
700 1 _aSteta de Martín del Campo, María Elena,
_ecoordinador
_915399
700 1 _aPeralta de Lascuráin, Aurora,
_ecolaborador
700 1 _aFernández de Herrera, Esther,
_ecolaborador
942 _2ddc
_cLI
_h232.917
_iG726
999 _c61539
_d61539